Dělnické písně [Díl 1]

Bibliographic Details
Main Authors: Karbusický, Vladimír, 1925-2002 (Author, Compiler), Pletka, Václav, 1919-1997 (Author, Compiler)
Format: Book
Language:Czech
PhysicalDescription:517 s.
Published: Praha SNKLHU 1958
Subjects:

MARC

LEADER 00000cam a2200000 a 4500
001 vtls010467957
003 SK-MaSNL
005 20260302012619.0
008 240318s1958 xr 000 0 cze
040 |a SNK  |b slo  |c SNK  |e AACR2 
041 |a cze 
044 |a xr  |c CZ 
072 7 |a 784  |x Vokálna hudba  |2 konspekt 
080 |a 784.66-057.2  |2 2001 
080 |a 784.3/.7  |2 2001 
080 |a 784  |2 2001 
080 |a 784.3/.7-021.18  |2 2001 
080 |a (0:82-192)  |2 2001 
080 |a (062.552)  |2 2001 
080 |a (081)  |2 2001 
080 |a (082)  |2 2001 
100 1 |a Karbusický, Vladimír,  |d 1925-2002  |4 aut  |9 222519 
245 1 0 |a Dělnické písně  |h [hudobnina]  |n [Díl 1]  |c zpracovali Vladimír Karbusický a Václav Pletka 
260 |a Praha  |b SNKLHU  |c 1958 
300 |a 517 s. 
650 0 7 |a robotnícke piesne  |2 SNKPH  |9 106265 
650 0 7 |a vokálna hudba  |2 SNKPH  |9 3442 
650 0 7 |a piesňové texty  |2 SNKPH  |9 81653 
655 7 |a zborníky  |2 SNKPH  |9 70165 
700 1 |a Karbusický, Vladimír,  |d 1925-2002  |4 com  |4 aut  |9 222519 
700 1 |a Pletka, Václav,  |d 1919-1997  |4 com  |4 aut  |9 62859 
852 |a Slovenská národná knižnica 
999 |c 1010139  |d 1012069 
952 |a SNK  |b SNK  |y VYP  |7 0  |p 17A1154571  |o snkIB 7730/1  |i snkKIP 3879/58  |3 Rekatalogizácia  |0 0  |1 0  |4 0  |d 2019-08-14  |l 0  |r 2026-02-24 12:49:37  |w 2026-02-24